Best NBA Players to Wear Jersey #0 - Statistics

General Stats
  • This quiz has been taken 4 times
  • The average score is 4 of 10
Answer Stats
Hint Answer Teams % Correct
2. Jason Tatum Celtics
100%
1. Russell Westbrook Thunder, Rockets, Lakers, Clippers
100%
3. Damian Lillard Trail Blazers, Bucks
75%
8. Tyrese Haliburton Kings, Pacers
50%
9. Bradley Beal Clippers
25%
4. Kevin Love Cavaliers
25%
10. Andre Drummond Pistons, Nets
0%
6. Gilbert Arenas Warriors, Wizards
0%
7. Isaiah Thomas Nuggets
0%
5. Shawn Marion Mavericks
0%
No matching quizzes found
Score Distribution
Percent of People with Each Score
Percentile by Number Answered
Your Score History
You have not taken this quiz